000 00643nam a22002297a 4500
003 OSt
008 251021b |||||||| |||| 00| 0 eng d
020 _a9789389688061
082 _a381.410954
_bA17A
100 _aAcharya, S. S.
245 _aAgricultural Marketing in India /
_cby S. S. Acharya and N. L. Agarwal
250 _a7th ed. reprint
260 _a.- New Delhi
_b: CBS Publishers
_c, 2025
300 _axxii,530p.
650 _aSocial Sciences
650 _aCommerce, Communications, Transportation
650 _aAgriculture
650 _aMarketing
650 _aIndia
700 _aAgarwal, N. L.
942 _2ddc
_cBK
_013
999 _c49111
_d49111